|
|
|
|
| LEADER |
01661nam a2200445 a 4500 |
| 001 |
EBC165985 |
| 003 |
MiAaPQ |
| 005 |
20200520144314.0 |
| 006 |
m o d | |
| 007 |
cr cn||||||||| |
| 008 |
020128s2001 enka sb 001 0 eng |
| 010 |
|
|
|z 00051745
|
| 015 |
|
|
|a GBA1-61153
|
| 016 |
7 |
|
|a 0415243866
|2 Uk
|
| 020 |
|
|
|z 0415243866
|
| 035 |
|
|
|a (MiAaPQ)EBC165985
|
| 035 |
|
|
|a (Au-PeEL)EBL165985
|
| 035 |
|
|
|a (CaPaEBR)ebr5002682
|
| 035 |
|
|
|a (CaONFJC)MIL53970
|
| 035 |
|
|
|a (OCoLC)437074562
|
| 040 |
|
|
|a MiAaPQ
|c MiAaPQ
|d MiAaPQ
|
| 050 |
|
4 |
|a HG665
|b .M486 2001
|
| 082 |
0 |
4 |
|a 337.17
|2 21
|
| 245 |
0 |
0 |
|a Mexico beyond NAFTA
|h [electronic resource] :
|b perspectives for the European debate /
|c edited by Martin Puchet Anyul and Lionello F. Punzo.
|
| 260 |
|
|
|a London :
|b Routledge,
|c 2001.
|
| 300 |
|
|
|a xxvi, 292 p. :
|b ill.
|
| 490 |
1 |
|
|a Routledge studies in development economics ;
|v 21
|
| 504 |
|
|
|a Includes bibliographical references and index.
|
| 533 |
|
|
|a Electronic reproduction. Ann Arbor, MI : ProQuest, 2015. Available via World Wide Web. Access may be limited to ProQuest affiliated libraries.
|
| 650 |
|
0 |
|a Monetary policy
|z Mexico.
|
| 650 |
|
0 |
|a Free trade
|z North America.
|
| 651 |
|
0 |
|a North America
|x Economic integration.
|
| 651 |
|
0 |
|a Mexico
|x Commerce.
|
| 651 |
|
0 |
|a European Union countries
|x Economic integration.
|
| 655 |
|
4 |
|a Electronic books.
|
| 700 |
1 |
|
|a Puchet, M.
|q (Martin)
|
| 700 |
1 |
|
|a Punzo, Lionello F.
|
| 710 |
2 |
|
|a ProQuest (Firm)
|
| 830 |
|
0 |
|a Routledge studies in development economics ;
|v 21.
|
| 856 |
4 |
0 |
|u https://ebookcentral.proquest.com/lib/matrademy/detail.action?docID=165985
|z Click to View
|